แสดงรายละเอียดบรรณานุกรม
  กลับหน้าหลัก

Brief Record : Get Marc (ISO 2709) : E-mail record : QR code ปิดหน้าต่าง
E-books : เกี่ยวกับ Collections
LEADER 00000nam 2200000uu 4500
001    205684
003     ULIBM
008    101028s||||||||th 000 0 tha d
060  0 WM 430 ส691ม 2553
110 1  ^aสำนักงานหลักประกันสุขภาพแห่งชาติ
245 00 ^aมิตรภาพบำบัด = Friendship support เพื่อนช่วยเพื่อน ด้วยหัวใจความเป็นมนุษย์.
260    ^aกรุงเทพฯ : ^bสำนักงานหลักประกันสุขภาพ, ^c2553.
300     ^a264 หน้า, ^bภาพประกอบ
650  0 ^aการบำบัด - - ^xมิตรภาพ.
650  0 ^aเพื่อนช่วยเพื่อน.
650  0 ^aการบริการสุขภาพ
710 1  ^aสำนักงานงานหลักประกันสุขภาพแห่งชาติ
999    ^aกรินทร์
รายการนี้ยังไม่มีแท็ก
คุณยังไม่ได้ล็อกอิน คุณสามารถมีกิจกรรมร่วมกับเว็บไซต์ได้ แต่ต้องล็อกอินก่อน ::
  ล็อกอิน
ลำดับที่ ประเภท เลขเรียก สถานที่ สถานะ
1. หนังสือทั่วไป
หนังสือทั่วไป
สถานะ=หนังสือเก่า - บริการ ณ ห้องสมุด (ห้องเหลือง)
WM 430 ส691ม 2553  
  
ห้องสมุด หอพักนักศึกษา (ห้องเหลือง) On Shelf
  ขอยืม
2. หนังสือทั่วไป
หนังสือทั่วไป
สถานะ=หนังสือเก่า - บริการ ณ ห้องสมุด (ห้องเหลือง)
WM 430 ส691ม 2553 ฉ.2 
  
ห้องสมุด หอพักนักศึกษา (ห้องเหลือง) On Shelf
  ขอยืม
   [แสดง 2/2 รายการ]

รายการใกล้เคียง
    หัวเรื่อง [การบริการสุขภาพ]

BibComment


ยังไม่เคยถูกคอมเมนท์

คอมเมนท์ทรัพยากรรายการนี้
  คอมเมนท์: มิตรภาพบำบัด Fr..
Bib 205684

 
 
 

 Union Library Management : ULibM
Copyright 2026. All Rights Reserved.
скачать бесплатно без регистрации порно красивый секс HD Sex Hindi sex

xxx gou

xxxx

bfxxx

xxxwww

Секса Видео

xxxx

Секса Видео

detube

geilexxx

C99 Shell

worms shell

blod xxx video
Ebony Coed Rihanna Rimes Takes A Dick In Her Young Twat priyaa indian fuck anal and pusssy hardcore indian women xxx desi hardcore fucking part 1 bengalixxxcouple